000
00212 a2200097 4500
001
13351
100
_a
Kenen, P.B
245
_a
Giant among nations
260
_a
New York
_b
harcourt brage
_c
090
_c
10367
_d
10367
942
_a
NUST-CAE
_c
M
_c
411
999
_c
248424
_d
248424